जगत में मेला / (Record no. 113099)

MARC details
000 -LEADER
fixed length control field 01039nam a22002777a 4500
003 - CONTROL NUMBER IDENTIFIER
control field dpl
005 - DATE AND TIME OF LATEST TRANSACTION
control field 20190209163913.0
008 - FIXED-LENGTH DATA ELEMENTS--GENERAL INFORMATION
fixed length control field 190209b ||||| |||| 00| 0 eng d
010 ## - LIBRARY OF CONGRESS CONTROL NUMBER
LC control number B-072968
020 ## - INTERNATIONAL STANDARD BOOK NUMBER
Terms of availability 120.00
International Standard Book Number 8176750484
035 ## - SYSTEM CONTROL NUMBER
System control number B-072968, B-072972
037 ## - SOURCE OF ACQUISITION
Source of stock number/acquisition Cen Lib/Ret
040 ## - CATALOGING SOURCE
Original cataloging agency DPL
Language of cataloging HN
Transcribing agency 0
082 ## - DEWEY DECIMAL CLASSIFICATION NUMBER
Classification number 821
Item number सेठीअ
100 ## - MAIN ENTRY--PERSONAL NAME
Personal name सेठी, अनूप
9 (RLIN) 50626
245 ## - TITLE STATEMENT
Title जगत में मेला /
Statement of responsibility, etc अनूप सेठी
246 ## - VARYING FORM OF TITLE
Title proper/short title Jagat me mela /
Remainder of title by Anoop Sethi
260 ## - PUBLICATION, DISTRIBUTION, ETC. (IMPRINT)
Place of publication, distribution, etc पंचकूला
Name of publisher, distributor, etc आधार प्रकाशन
Date of publication, distribution, etc 2002
270 ## - ADDRESS
City हरियाणा
Address एस.सी.एफ.267, सेक्टर 16
Postal code 134 113
300 ## - PHYSICAL DESCRIPTION
Extent 131पृ.
Dimensions 22सेमी (सजिल्द)
650 ## - SUBJECT ADDED ENTRY--TOPICAL TERM
Topical term or geographic name as entry element हिन्दी -- साहित्य
9 (RLIN) 50627
650 ## - SUBJECT ADDED ENTRY--TOPICAL TERM
Topical term or geographic name as entry element हिन्दी -- काव्य
9 (RLIN) 779
650 ## - SUBJECT ADDED ENTRY--TOPICAL TERM
Topical term or geographic name as entry element Hindi -- literature
9 (RLIN) 50628
650 ## - SUBJECT ADDED ENTRY--TOPICAL TERM
Topical term or geographic name as entry element Hindi - Poem
9 (RLIN) 50629
942 ## - ADDED ENTRY ELEMENTS (KOHA)
Source of classification or shelving scheme Dewey Decimal Classification
Koha item type Hindi Books
Classification part 821
Call number suffix सेठीअ
Holdings
Withdrawn status Lost status Damaged status Not for loan Home library Current library Date acquired Source of acquisition Cost, normal purchase price Total Checkouts Full call number Barcode Date last seen Date checked out Copy number Cost, replacement price Price effective from Koha item type Source of classification or shelving scheme Collection code
        Central Library Central Library 11/08/2015 Cen Lib/Ret 120.00 1 821 सेठीअ B-072968 25/06/2018 13/06/2018 1 120.00 11/08/2015 Hindi Books    
        Sarojini Nagar Sarojini Nagar 21/10/2021       821 सेठीअ B-072970 21/10/2021       21/10/2021 Hindi Books Dewey Decimal Classification Non-fiction
        Shahdara Branch Shahdara Branch 09/02/2019 BPPD/PUB 120.00   821 सेठीअ B-072972 09/02/2019     120.00 09/02/2019 Hindi Books Dewey Decimal Classification Non-fiction

© Delhi Public Library
Hit Counter
free hit counter